01236cam a2200265 a 450000100100000000500170001000800410002704000250006808200190009310000500011224000570016224501420021926000590036130000210042049000150044150400320045653400730048865000510056165100710061265100500068370000410073371000620077495201170083699900170095300001262520200929163040.0940317s1990 cu b 000 0 spa d aDO-SdBNPbspacBNPHU a342.029bF378b1 aFerrás Moreno, Angel Domingo,d1926-92937710aThe Constitution of the United state of Americalspa13aLa bicentenaria Constitución norteaméricana :breflexiones breves /cAngel Domingo Ferrás Moreno; Edición Alfredo A. Sicre Rivas. aLa Habana, Cuba :bEditorial Ciencias Sociales,c1990. a157 p. ;c18 cm.1 aJurídica aBibliografía : p. 155-157 aTítulo original:tThe Constitution of the United States of America 4aHistoria constitucionalzEstados Unidos929378 4aEstados UnidosxConstituciónxEnsayos, Conferencias, Etc.929379 4aEstados UnidosxDerecho Constitucional92938012aSicre Rivas, Alfredo A.,eed.92938112aEstados Unidos.tConstitución.lEspañol.f1990929382 001050718MOaGRbGRcHDd2009-11-13iLF1l0o342.029 F378bp12625-10r2020-06-25w2020-06-25y1ZNo se presta c12279d12279